Advanced strength of materials (Record no. 6074)

000 -LEADER
fixed length control field 00525nam a2200193 4500
001 - CONTROL NUMBER
control field 6074
003 - CONTROL NUMBER IDENTIFIER
control field BD-DhHUET
008 - FIXED-LENGTH DATA ELEMENTS--GENERAL INFORMATION
fixed length control field 790809s1952 nyua 001 0 eng
020 ## - INTERNATIONAL STANDARD BOOK NUMBER
International Standard Book Number 070164002
040 ## - CATALOGING SOURCE
Original cataloging agency DLC
Transcribing agency DLC
Modifying agency BD-DhHUET
082 ## - DEWEY DECIMAL CLASSIFICATION NUMBER
Classification number 620.11
Item number DEN/1952
100 1# - MAIN ENTRY--PERSONAL NAME
Personal name Den Hartog, J. P.
245 10 - TITLE STATEMENT
Title Advanced strength of materials
Statement of responsibility, etc. by Den Hartog, J. P.
250 ## - EDITION STATEMENT
Edition statement 1st ed.
260 ## - PUBLICATION, DISTRIBUTION, ETC. (IMPRINT)
Place of publication, distribution, etc. New York
Name of publisher, distributor, etc. McGraw-Hill
Date of publication, distribution, etc. 1952
300 ## - PHYSICAL DESCRIPTION
Extent ix,379 p.
Other physical details illus.
Dimensions 24 cm.
650 #0 - SUBJECT ADDED ENTRY--TOPICAL TERM
Topical term or geographic name as entry element Strength of materials: engineering
942 ## - ADDED ENTRY ELEMENTS (KOHA)
Koha item type General Book
Holdings
Koha date last seen Sublocation or collection (holding branch) Damaged status Koha full call number Koha item type Piece designation (barcode) Price effective from Source of classification or shelving scheme Shelving location Koha normalized classification for sorting Not for loan Copy number Lost status Date acquired Location (home branch) Withdrawn status
2014-11-30Central Library, BUET 620.11/DEN/1952General Book879252014-11-30 Circulation section620_000000000000000_11DEN1952 1 2014-11-30Central Library, BUET 
2015-04-23Central Library, BUET 620.11/DEN/1952General Book299062015-04-23 Circulation section620_110000000000000_DEN_1952 2 2015-04-23Central Library, BUET 
2015-04-23Central Library, BUET 620.11/DEN/1952General Book299012015-04-23 Circulation section620_110000000000000_DEN_1952 3 2015-04-23Central Library, BUET 
2015-04-23Central Library, BUET 620.11/DEN/1952General Book347602015-04-23 Circulation section620_110000000000000_DEN_1952 4 2015-04-23Central Library, BUET 
2015-04-23Central Library, BUET 620.11/DEN/1952General Book299032015-04-23 Circulation section620_110000000000000_DEN_1952 5 2015-04-23Central Library, BUET 
2015-04-23Central Library, BUET 620.11/DEN/1952General Book347612015-04-23 Circulation section620_110000000000000_DEN_1952 6 2015-04-23Central Library, BUET 
2015-04-23Central Library, BUET 620.11/DEN/1952General Book299082015-04-23 Circulation section620_110000000000000_DEN_1952 7 2015-04-23Central Library, BUET 
2015-04-23Central Library, BUET 620.11/DEN/1952General Book299052015-04-23 Circulation section620_110000000000000_DEN_1952 8 2015-04-23Central Library, BUET 
2015-04-23Central Library, BUET 620.11/DEN/1952General Book299042015-04-23 Circulation section620_110000000000000_DEN_1952 9 2015-04-23Central Library, BUET 
2015-04-25Central Library, BUET 620.11/DEN/1952General Book347622015-04-25 Circulation section620_110000000000000_DEN_1952 10 2015-04-25Central Library, BUET 
2015-04-25Central Library, BUET 620.11/DEN/1952General Book299072015-04-25 Circulation section620_110000000000000_DEN_1952 11 2015-04-25Central Library, BUET